| 000 | 00659nam a22002057a 4500 | ||
|---|---|---|---|
| 999 |
_c16926 _d16926 |
||
| 003 | AR-CdUCM | ||
| 008 | 190506b ||||| |||| 00| 0 spa d | ||
| 040 |
_aMUNICIPALIDAD PROVINCIAL DEL CUSCO _cBIBLIOTECA MUNICIPAL DEL CUSCO |
||
| 082 |
_a901.09 / _bG94 |
||
| 100 |
_aGurvitch, Georges _96800 |
||
| 245 |
_aTres capítulos de la historia de la sociología : _bComte, Marx y Spencer / |
||
| 260 |
_aArgentina : _bGaceta, _c1959. |
||
| 300 |
_a148 páginas ; _c20 cm. |
||
| 505 | _aLa sociología de Augusto Comte, Marx y Spencer | ||
| 650 |
_aComte. _936683 |
||
| 650 |
_aSpencer. _936684 |
||
| 650 |
_aMarx. _94291 |
||
| 942 |
_2ddc _cLIBROS |
||
| 945 | _awfj | ||